| 000 | 00370nam a22001697a 4500 | ||
|---|---|---|---|
| 999 |
_c10680 _d10680 |
||
| 003 | OSt | ||
| 008 | 210614b ||||| |||| 00| 0 eng d | ||
| 020 | _a97893895383335 | ||
| 082 | _a658.8 SAM | ||
| 100 | _aSAXENA,Rajan | ||
| 245 | _aMarketing Management | ||
| 250 | _a6th | ||
| 260 |
_aNew Delhi _bTMH _c2020 |
||
| 300 | _a746 | ||
| 650 | _aB.Com | ||
| 942 |
_2ddc _cBK |
||